[Event "EU-ch 2nd"]
[Site "Ohrid"]
[Date "2001.06.14"]
[Round "13"]
[White "Cvitan, Ognjen"]
[Black "Huzman, Alexander"]
[Result "1-0"]
[WhiteElo "2526"]
[BlackElo "2578"]
[Annotator "Ribli,Z"]
[PlyCount "63"]
[EventDate "2001.06.01"]
[EventType "swiss"]
[EventRounds "13"]
[EventCountry "YUG"]
[SourceTitle "CBM 084"]
[Source "ChessBase"]
[SourceDate "2001.09.13"]
[SourceVersion "1"]
[SourceVersionDate "2001.09.13"]
[SourceQuality "1"]

1. c4 {Atlas,V} e5 2. Nc3 Nf6 3. Nf3 Nc6 4. g3 Bc5 {Dieser Zug wird heutzutage
selten gespielt. Die Alternativen sind 4...d5, 4...Bb4 und 4...Nd4.} 5. Bg2 {
Weiß kann sich hier mit 5.Nxe5 Bxf2+ 6.Kxf2 Nxe5 7.e4 das Läuferpaar
verschaffen, aber nach 7...c5 bekommt Schwarz auch seine Gegenchancen.(der Ne5
steht gut, und die weiße Königsstellung ist ein wenig unsicher).} d6 6. O-O O-O
7. d3 h6 {Dieser übliche, prophylaktische Zug richtet sich gegen 8.Bg5.} (7...
Be6) 8. b3 (8. a3 a6 $5 (8... a5)) 8... a6 9. Bb2 Nd4 $6 {Damit bereitet
Schwarz des Abtausch seines Springers vor, läßt Weiß zugleich aber Zeit,
Initiative zu entwickeln. Der Turmzug (9...Re8 mit guten Ausgleichschancen)
ist meiner Meinung nach die beste Fortsetzung für Schwarz.} (9... Re8 $5 10. e3
Ba7 11. h3 $6 (11. Rc1 $5) 11... Be6 (11... Bf5 12. a3 Qd7 13. Kh2 Rab8 14. b4
b5 15. Qe2 Nd8 16. Rac1 c6 17. Rfd1 {1/2-1/2 Janssen,R-Meyer,H/Tallinn 1997/
CBM 59 ext (46)}) 12. Kh2 Qd7 13. Rc1 Rad8 14. d4 $6 (14. Qe2 $5) 14... exd4
15. exd4 Bf5 16. a3 Re7 17. b4 Rde8 {0-1 Hansen,L-Adams,M/Wijk aan Zee 1995/
CBM 46/[Ribli] (34)}) (9... Be6 10. e3 Ba7 11. Re1 Qd7 12. d4 exd4 13. exd4 Bg4
14. d5 Bxf3 15. Bxf3 Ne5 16. Ne4 {1/2-1/2 Janssen,R-Gustafsson,J/Pinneberg
1997/EXT 2001 (16)}) 10. Nxd4 Bxd4 (10... exd4 11. Ne4 Ba7 (11... Re8) 12.
Nxf6+ Qxf6 13. e4 $14) 11. e3 Ba7 12. d4 {Mit einfachen Mitteln gewinnt Weiß
Vorteile im Zentrum. Der Bg2 steht stark, Schwarz hingegen hat Probleme bei
der Entwicklung des Bc8.} exd4 13. exd4 $14 {Der Tausch des Nc6 gegen den Nf3
erweist sich am Ende als vorteilhaft für Weiß - die Diagonale ist offen für
den Bg2. Mit Springern auf c6 und f3 hätte Schwarz die Möglichkeit zu Bg4 mit
Fesslung des Nf3.} Rb8 (13... Bg4 14. Qd2 $14 (14. Qd3 $5)) 14. Qd3 Be6 $6 {
Dieser Zug gefällt mir nicht, er verschafft Weiß ein wichtiges Tempo. Schwarz
provoziert will damit den Zug 15.d5 provozieren, um seinen Ba7 zu aktivieren.
Doch dadurch wird auch der weiße Bb2 stark.} (14... b5 $2 15. cxb5 axb5 16.
Nxb5 Ba6 17. a4 $16) (14... Bd7 $5) 15. d5 Bd7 16. h3 {Weiß bereitet Kh2 vor,
um später z.B. f2-f4 oder g2-g4 ziehen zu können. Eine andere Idee des Zugs
ist, Ng4 zu unterbinden.} (16. a4 Ng4 {[%cal Gg4e5]}) 16... b5 17. cxb5 axb5
18. b4 {Natürlich darf Weiß nicht b5-b4 zulassen.} Qc8 19. Kh2 Bf5 20. Qd2 Re8
(20... Nd7 $5 {[%cal Gd7e5,Ge5c4,Gd7b6,Gb6c4]}) 21. Rfe1 Qd7 22. Rac1 Kf8 (
22... Rxe1 23. Rxe1 Re8 24. Bf1 $14 (24. Re2 $14)) 23. a3 Rxe1 24. Rxe1 Re8 25.
Re2 Bg6 (25... Rxe2 26. Qxe2 Bd4 27. Qd2 $14) 26. Kg1 Bb6 {Weiß besitzt etwas
Raumvorteil, aber die schwarze Stellung ist sehr solide. Die einzige kleine
Schwäche ist der Pb5, doch auch der ist gut zu verteidigen.} 27. Kh2 Ba7 28. g4
h5 $6 (28... Rxe2 29. Qxe2 Bd4 30. Qd2 Bb6 $14) 29. g5 Ng8 (29... Nh7 30. Rxe8+
Qxe8 31. Bc1 $14) 30. Ne4 $16 {[%cal Gb2g7][%mdl 2048]} Qf5 $6 {'?' Atlas,V.
Atlas,V: 'A serious mistake, yielding White a large advantage.'} (30... Ne7 $2
31. Bxg7+ Kxg7 32. Qc3+ Kf8 33. Qh8+ Ng8 34. Nf6 $18) (30... Bxe4 31. Rxe4 Rxe4
32. Bxe4 Bb6 33. Qc3 f6 34. Qf3 $16) 31. Ng3 {'!' Atlas,V.} Rxe2 $4 {[%mdl
8192] '?' Atlas,V. Ein unglaublicher Fehler! Die Widerlegung ist
zugestandenermaßen nicht typisch, aber normalerweise muss man das Motiv sehen.
Man sollte aber auch bedenken, dass diese Partie in der letzten Runde gespielt
wurde. Die Anspannung war insofern besonders groß. GM Cvitan gelang es durch
diesen Sieg, sich für die Weltmeisterschaft zu qualifizieren.} (31... Qd7 32.
Rxe8+ (32. Qc3 {Atlas,V} f6 33. Rxe8+ Kxe8 $13) 32... Qxe8 33. Qc3 Bxf2 34. Ne4
$16 {Atlas: "and White retains good winning chances."}) 32. Bxg7+ $1 $18 (32.
Bxg7+ Kxg7 (32... Ke8 33. Qxe2+ {[%cal Re2e8,Rg3f5]}) 33. Nxf5+ Bxf5 34. Qxe2
$18 {[%cal Re2b5,Re2h5]}) 1-0

[Event "Vienna op"]
[Site "Vienna"]
[Date "1990.??.??"]
[Round "3"]
[White "Simic, Radoslav"]
[Black "Dueckstein, Andreas"]
[Result "1/2-1/2"]
[WhiteElo "2505"]
[BlackElo "2380"]
[Annotator "Ribli,Z"]
[PlyCount "102"]
[EventDate "1990.10.??"]
[EventType "swiss"]
[EventRounds "9"]
[EventCountry "AUT"]
[SourceTitle "CBM 021"]
[Source "ChessBase"]
[SourceDate "1991.04.01"]
[SourceVersion "1"]
[SourceVersionDate "1991.04.01"]
[SourceQuality "1"]

1. c4 e5 2. g3 Nf6 3. Bg2 d5 4. cxd5 Nxd5 5. Nc3 Nb6 6. Nf3 Nc6 7. O-O Be7 8.
a3 O-O 9. b4 Be6 10. d3 Nd4 11. Rb1 f6 12. Bb2 c6 (12... Nxf3+ 13. Bxf3 c6 14.
Qc2 Qe8 15. Ne4 Ba2 16. Rbc1 Bd5 $13 {Gulko,B-Huebner,R Munich 1990 CBM/18})
13. Nxd4 exd4 14. Ne4 Qd7 15. Nc5 Bxc5 16. bxc5 Nc8 17. Qa4 Rd8 18. Ba1 a5 19.
Qc2 Ne7 20. a4 Qc7 21. Qb2 Rd7 22. Rfc1 Qe5 23. Qd2 Nd5 24. Bb2 Nb4 25. Ba3 Nd5
26. Bb2 Nb4 27. Re1 Qxc5 28. Ba3 Qa7 29. Bxb4 axb4 30. Rxb4 Qa5 31. Rd1 c5 32.
Rxb7 Qxd2 33. Rxd2 Rxa4 34. Rb8+ (34. Rxd7 $4 Ra1+ 35. Bf1 Bh3 $19) 34... Kf7
35. Bc6 Ra1+ 36. Kg2 Rc7 37. Bf3 Ra2 38. Rxa2 Bxa2 39. h4 Be6 40. Rh8 h6 41.
Rb8 Ke7 42. Be4 f5 43. Bf3 c4 44. dxc4 Bxc4 45. Rb6 Rd7 46. Rg6 Kf7 47. Rc6 Bd5
48. Bxd5+ Rxd5 49. Kf3 d3 50. exd3 Rxd3+ 51. Kf4 Rd5 1/2-1/2

[Event "RUS-Cup01 Chigorin Memorial"]
[Site "St Petersburg"]
[Date "1997.11.06"]
[Round "6"]
[White "Vaulin, Alexander"]
[Black "Orlov, Vassily"]
[Result "0-1"]
[WhiteElo "2530"]
[BlackElo "2425"]
[Annotator "Ribli,Z"]
[PlyCount "52"]
[EventDate "1997.11.01"]
[EventType "swiss"]
[EventRounds "9"]
[EventCountry "RUS"]
[SourceTitle "CBM 062"]
[Source "ChessBase"]
[SourceDate "1998.01.31"]
[SourceVersion "1"]
[SourceVersionDate "1998.01.31"]
[SourceQuality "1"]

1. c4 e5 2. g3 Nf6 3. Bg2 d5 4. cxd5 Nxd5 5. Nc3 Nb6 6. Nf3 Nc6 7. O-O Be7 8.
a3 {Weiß spielt eigentlich Sizilianisch - Drachenvariante, aber natürlich mit
einem Mehrtempo.Ribli.} (8. d3) (8. Rb1) (8. b3) 8... O-O 9. b4 {Weiß besitzt
Aktivität am Damenflügel, unterstützt durch den Bg2. Schwarz hingegen
kontrolliert das Zentrum.} Be6 10. Rb1 f6 11. d3 a5 {Schwarz provoziert den
Bauernzug 12.b5 und will gegebenenfalls mit 12...Nd4 fortsetzen.} (11... Qd7) (
11... Nd4) 12. b5 Nd4 13. Nd2 {Weiß tauscht den Springer nicht, denn er möchte
mit dem späteren 14.e3 ein Tempo gewinnen.} (13. Nxd4 exd4 14. Na4 Bd5 (14...
Nd5 15. Bb2 Qe8 16. Qc2 Rd8 17. Bxd4 Bxa3 18. Bc5 Bxc5 19. Nxc5 Bc8 20. Qc4 Qf7
21. Rfc1 Rfe8 22. Rb2 Re7 23. Nb3 b6 24. Nd4 Rd6 {0-1 Ismail,H-Rizouk,R/Cairo
op 1996 (53)}) 15. Nxb6 cxb6 16. a4 Bxg2 17. Kxg2 Qd5+ 18. Kg1 Rac8 19. Bb2 f5
20. Rc1 Bg5 $2 21. Rc4 $1 Bf6 22. Qb3 Rfe8 23. Rfc1 $14 {1-0 Psakhis,
L-Rasmussen,B/Canadian op 1997 (37)}) (13. Ne1 Qc8 14. e3 Nf5 15. Na4 (15. Nf3
Rd8 16. Qc2 a4 17. e4 Nd4 18. Nxd4 Rxd4 19. Rd1 Bb3 20. Rxb3 axb3 21. Qxb3+ Kh8
22. Ne2 Rda4 23. d4 Bxa3 24. dxe5 fxe5 25. Be3 Nc4 {0-1 Gulko,B-Tukmakov,V/New
York PCA-op 1994 (37)}) 15... Rd8 16. Qc2 Nxa4 17. Qxa4 Nd6 18. Bb2 $5 {TN} (
18. Nf3 c6 19. bxc6 Qxc6 20. Qxc6 bxc6 21. a4 Nf7 22. Nd2 Rxd3 23. Bxc6 Rc8 {
0-1 Van der Sterren,P-Tukmakov,V/Zuerich op 1995 (27)}) 18... Qd7 19. Bc3 Qe8
$5 20. f4 $5 exf4 21. Rxf4 Kh8 22. Nc2 Qg6 $5 23. Rd1 Bf5 {1/2-1/2 Miezis,
N-Gurevich,M/Antwerpen op 1996 (61)}) 13... Bd5 $8 $11 {Schwarz gibt sein
Läuferpaar auf, kann dafür aber seinen Springer gut ins Spiel bringen.} (13...
Nd5 $2 14. Bxd5 Bxd5 15. e3 {[#]Das ist eine bekannte Eröffnungsfalle.} Nf5 (
15... Ne6 16. e4 $18) 16. e4 $18) (13... c6 $6 14. bxc6 bxc6 15. e3 Nf5 16. Qc2
$16 {[%csl Rc6]}) (13... Rb8 14. e3 Nf5 15. Qc2 Bd6 16. Nb3 a4 17. Nd2 $16) 14.
Nxd5 Nxd5 15. Bxd5+ (15. Ne4 a4 (15... f5 16. e3 fxe4 (16... Ne6 17. Qb3 $5)
17. exd4 exd4 18. Bxe4 (18. dxe4 Nc3 19. Qb3+ Kh8 20. Ra1 Ne2+ (20... a4 21.
Qc4 Qd7 $5) 21. Kh1 Nxc1 $11) 18... Nc3 19. Qb3+ Kh8 20. Ra1 Qd7 21. Re1 Rae8
22. Bxb7 Bd6 23. Be4 a4 24. Qc4 Qh3 {1/2-1/2 Foisor,O-Tukmakov,V/Zaragoza op
1993 (60)}) 16. e3 Nb3 17. Rxb3 (17. Qc2 Nb6 (17... Kh8 $5) 18. Bb2 Kh8 19.
Rfd1 Nd5 20. Nd2 Nxd2 21. Rxd2 Ra5 22. d4 $14 {1-0 Trofimova,O-Lomineishvili,M/
EU-chJW U20 1996/JUN 97 (44)}) 17... axb3 18. Qxb3 Kh8 19. Ng5 fxg5 20. Bxd5
Rb8 21. Be4 Bd6 22. a4 b6 23. Bb2 $44 {1/2-1/2 Petursson,M-Stefansson,H/ISL-ch
1996 (27)}) (15. Bb2 a4 $1 16. Bxd4 exd4 {[%csl Rc3]} 17. Bxd5+ Qxd5 18. Nc4 (
18. Qc1 Bc5 19. Qc4 c6 $2 $15) 18... h5 {[%cal Rh5h4]}) 15... Qxd5 16. a4 Bb4
$1 {Schwarz hat ein starkes Zentrum und eine aktive Dame. Er kann mit dem
Ergebnis der Eröffnung zufrieden sein.} (16... c6 17. bxc6 bxc6 18. Nc4 Rad8
19. Bd2 e4 20. Bxa5 Qh5 21. Re1 Rd5 $13 {Schwarz droht 22...Qh3 nebst 23...Rh5.
}) 17. Nc4 $6 (17. Nb3 c6 (17... Nxb3 18. Qxb3 Rad8 19. Be3 $11) (17... c5 18.
bxc6 (18. Nxd4 cxd4 19. Qb3 (19. Bd2 $15) 19... Qxb3 20. Rxb3 Rfc8 $17 {
[%cal Rc8c2]}) 18... bxc6 19. Be3 $11 (19. Nxd4 exd4 20. Qb3 Qxb3 21. Rxb3 c5
$15)) 18. e4 Qd7 19. Nxd4 exd4 20. Bd2 c5 21. Rc1 b6 22. f4 Rfe8 23. f5 Qf7 24.
Bf4 Rac8 25. Qe2 Bc3 26. g4 c4 $13 {1-0 Ftacnik,L-Torre,E/Bacolod 1991/EXP 23 
(39)}) 17... f5 $15 {Weiß hat einen schönen Springerposten, aber das ist auch
schon alles. Schwarz hingegen erfreut sich einer potentiellen Angriffsstellung
ohne Schwächen.} (17... e4 $5 18. Ne3 Qh5 19. dxe4 Nxe2+ 20. Kg2 Rad8 21. Qb3+
Kh8 $36) 18. Bb2 {Weiß kann nicht l8.e3 ziehen, weil 8...Nf3 folgen würde.} (
18. f3 f4 $40 (18... e4 $13)) (18. f4 $6 e4 (18... exf4 19. Bxf4 Ne6 $15 {
Die weiße Königsstellung ist schwach, und Schwarz übt starken Druck im Zentrum
aus.})) 18... f4 $1 19. Bxd4 exd4 {[%csl Gd5,Gf4,Gf8,Rg1]} 20. Nd2 (20. Qb3
Rad8 $5 (20... Kh8 21. Nxa5 Qxb3 22. Nxb3 Rxa4 23. Nxd4) (20... Rae8 21. Nxa5
Qxb3 22. Nxb3 Bc3 $44 (22... Rxe2 $2 23. Nxd4 {[%csl Rb4,Re2]}))) 20... Bxd2 $1
{Sonst nistet sich der Springer auf e4 ein, von wo aus er das ganze Brett
kontrollieren würde.} 21. Qxd2 Rf6 $40 {[%csl Gd5,Gf6,Rg1][%cal Ga8f8]} 22.
Rbc1 (22. f3 {Das ist positionell zwar ein unschöner Zug, aber so könnte Weiß
einige sofortige Drohungen verhindern.}) 22... Qd7 {[%cal Rd7h3,Rf6h6,Rh6h2]}
23. Kg2 (23. f3 fxg3 $1 (23... Qh3 24. g4 h5 25. gxh5 {Und Weiss kann sich
noch verteidigen.Ribli.}) (23... Rh6 24. g4) 24. hxg3 Qh3 25. Rf2 (25. Qe1 Rh6
$19) (25. Kf2 Qh2+ $17) 25... Qxg3+ 26. Rg2 Qd6 $17) 23... Rh6 $17 24. h4 (24.
Qxf4 Qh3+ 25. Kf3 Rf8 $19) (24. Rh1 {Das sieht nicht sehr schön aus, ist aber
viel besser als die Partiefortsetzung.} Rf8 (24... Qh3+ 25. Kg1 fxg3 26. fxg3
Rf8)) 24... Rf8 25. Qxa5 $2 (25. e4 $5) 25... Qg4 26. b6 $2 (26. Qxc7 $5 Rxh4
27. Kg1 Rh3) 26... Rxh4 $19 {Und Weiß gab auf. Seine Stellung ist aufgrund der
schlechten Königsstellung kaum zu halten.} (26... Rxh4 27. Qd5+ Kh8 28. Rh1
Rxh1 29. Rxh1 Qxe2 $19) 0-1

[Event "Vienna op"]
[Site "Vienna"]
[Date "1990.??.??"]
[Round "6"]
[White "Videki, Sandor"]
[Black "Petursson, Margeir"]
[Result "0-1"]
[WhiteElo "2385"]
[BlackElo "2550"]
[Annotator "Ribli,Z"]
[PlyCount "122"]
[EventDate "1990.10.??"]
[EventType "swiss"]
[EventRounds "9"]
[EventCountry "AUT"]
[SourceTitle "CBM 021"]
[Source "ChessBase"]
[SourceDate "1991.04.01"]
[SourceVersion "1"]
[SourceVersionDate "1991.04.01"]
[SourceQuality "1"]

1. c4 e5 2. Nc3 Nf6 3. Nf3 Nc6 4. g3 d5 5. cxd5 Nxd5 6. Bg2 Nb6 7. O-O Be7 8.
d3 O-O 9. Be3 Bg4 (9... Re8 10. Rc1 Bf8 {Karolyi jr,T-Ruf,M Kecskemet 1990 CBM/
20}) (9... Be6 10. Rc1 Nd5 11. Nxd5 Bxd5 12. Qa4 Re8 13. h4 a6 $13 {
Oll-Romanischin 49/44}) 10. a4 a5 11. Nd2 (11. Rc1 Re8 $6 (11... Rb8 $5) 12.
Nd2 Rb8 13. Nb5 {Kortchnoi,V-Petursson,M Lugano 1989 47/44}) 11... Rb8 $5 12.
Bxb6 (12. Nb5 $5) 12... cxb6 13. Nc4 f6 14. Re1 Bc5 15. Qb3 Nd4 16. Qa2 Kh8 17.
h3 Bh5 18. Rac1 Qe8 19. g4 Bg6 20. e3 Nc6 21. d4 Nb4 22. Qb3 Be7 23. Ne4 Qf7
24. Rc3 exd4 25. exd4 Rbd8 26. Rd1 f5 $1 $17 27. gxf5 Bxf5 28. Rf3 Qe6 29. Ne5
Qxb3 30. Rxb3 Be6 31. Rf3 Rxf3 32. Bxf3 Bb3 33. Rd2 Nc6 $1 34. Nxc6 bxc6 35.
Bd1 Be6 36. Kg2 Bb4 37. Nc3 c5 $1 38. d5 Bxc3 39. bxc3 Rxd5 40. Rxd5 Bxd5+ 41.
Kg3 Be6 42. h4 Kg8 43. Kf4 Kf7 44. Ke5 Ke7 45. f4 h6 46. Bc2 Bf7 47. Bd1 Ba2
48. Be2 Bb3 49. Bb5 Bd1 50. Kf5 Bh5 51. Ke5 Bf7 52. Bc6 Bc4 53. Bd5 Bd3 54. Bc6
Be2 55. Be4 Kd7 56. Bf5+ Kc7 57. Bc2 b5 58. axb5 Kb6 59. Kf5 Kxb5 60. Kg6 Kc4
61. Kxg7 Kxc3 0-1

[Event "Yerevan"]
[Site "Yerevan"]
[Date "1996.??.??"]
[Round "2"]
[White "Anastasian, Ashot"]
[Black "Minasian, Artashes"]
[Result "0-1"]
[WhiteElo "2520"]
[BlackElo "2580"]
[Annotator "Ribli,Z"]
[PlyCount "128"]
[EventDate "1996.04.??"]
[EventType "tourn"]
[EventRounds "11"]
[EventCountry "ARM"]
[EventCategory "15"]
[SourceTitle "CBM 053"]
[Source "ChessBase"]
[SourceDate "1996.08.01"]
[SourceVersion "1"]
[SourceVersionDate "1996.08.01"]
[SourceQuality "1"]

1. c4 e5 2. Nc3 Nf6 3. g3 d5 4. cxd5 Nxd5 5. Bg2 Nb6 6. Nf3 Nc6 7. O-O Be7 8.
d3 O-O 9. Be3 Kh8 {Schwarz waehlt eine seltene Forsetzung.} (9... Be6 $5) 10.
Rc1 f5 11. Na4 $5 $146 {Eine interessante Neuerung: Normalerweise spielt Weiss
diesen Zug immer nur, wenn der schwarze Laeufer schon auf e6 steht.} (11. a3
Be6 12. Na4 Nxa4 $5 {Der einfachste Weg. Das Spiel ist ausgegliechen.} (12...
e4 13. Ne1 $1 exd3 14. Nxd3 $14) (12... f4 13. Nc5 Bd5 14. Bd2 Bxc5 15. Rxc5
Qe7 16. b4 Rf7 $6 (16... Rad8 $5) 17. e4 fxe3 18. Bxe3 $14 {Ibragimov,
I-Schwartzman,G/Odorheiu Secuiesc/1993/CBM36/}) 13. Qxa4 Bd5 14. Rfe1 a6 15.
Bc5 e4 $10 {Vaganian,R-Portisch,L/Moscow olm/1994/EXP44/}) 11... Bf6 12. Nc5
Nd5 13. Bd2 b6 {[#]} 14. Ne6 $5 Bxe6 15. Rxc6 Bd7 {[#]} 16. Nxe5 $5 {Ein
chancenreiches Qualitaetsopfer, das dem Anziehenden die Initiative sichert.
Eine solche Moeglichkeit liegt in dieser Variante immer in der Luft.} (16. Rc1
c6 $13) 16... Bxe5 $8 (16... Bxc6 $2 17. Nxc6 Qd6 18. Qb3 $1 Qxc6 (18... Ne7
19. Bf4 Qd7 20. Nxe7 Qxe7 21. Bxa8 $18) 19. Bxd5 $18 {Weiss gewinnt die
Qualitaet mit einem gesunden Mehrbauern zurueck.}) 17. Bxd5 Bxc6 18. Bxc6 Rc8
19. b4 Qd6 20. b5 {Droht /\ Qa4 >< a7} f4 $1 {Natuerlich will Schwarz nicht
tatenlos zuschauen; dieser aktive Zug gibt Schwarz einiges Gegenspiel am
Damenfluegel.} 21. Kg2 (21. Qa4 $2 fxg3 22. hxg3 Bxg3 $1 23. fxg3 Qxg3+ 24. Bg2
Rxf1+ 25. Kxf1 Rf8+ 26. Bf3 Rxf3+ 27. exf3 Qxf3+ 28. Ke1 Qh1+ (28... Qxd3 $13)
29. Ke2 Qh5+ 30. Ke3 Qh3+ 31. Ke2 Qh5+ $10) 21... a5 $1 {Eine richtige
Eintscheidung, der a-Bauer ist nicht mehr schwach.} 22. Qb3 Rcd8 (22... Rf6 $5)
23. Bf3 Rf6 24. Rc1 Rdf8 25. Bc3 $5 {Dieser Zug hat zwei Ziele: 1. Weiss will
den schwarzen Druck gegen den g3-Bauern entschaerfen. 2. Der Anziehende
versucht sein Spiel gegen den c7-Bauern zu verstaerken.} Bxc3 26. Qxc3 (26.
Rxc3 $5) 26... Rf5 $1 27. a4 $6 (27. Qxc7 $5 Qxc7 28. Rxc7 fxg3 29. hxg3 Rxb5
30. d4 Rb2 31. Rb7 b5 32. a3 $1 $13) 27... Rc5 28. Qb2 Rd8 {/\ Qd4} 29. Rxc5
Qxc5 30. Qb3 (30. gxf4 Rd4 31. Qb3 Rxf4 $15) 30... fxg3 (30... Rf8 $5) 31. hxg3
Rf8 32. e3 {/\ d4, e4} Qf5 $1 33. Qd1 $8 h5 $5 34. Qe2 g6 35. d4 {/\ e4} Qf6
36. Bc6 Kg7 {/\ h4} 37. f4 {Weiss aergert sich darüber, den f2-Bauern mit
seiner Dame für "ewig" decken zu müssen, aber jetzt entsteht für ihn ein
anderes Problem.} Qd6 38. Qc2 Rf7 39. Qd1 Qa3 $1 40. Bd5 Rf8 $1 {Natuerlich
will der Nachziehende nicht Remis machen.} (40... Qxe3 41. Bxf7 Kxf7 42. Qc2
$10) 41. Bb3 Kh6 42. Qd3 Rf6 43. e4 h4 $1 44. e5 (44. gxh4 Qc1 $1 $17) 44...
Rf5 45. Bc2 {Weiss hat Angst vor dem schwarzen Angriff, und er hofft, daß das
Endspiel für ihn noch zu halten ist.} (45. gxh4 Qc1 $17) 45... Qxd3 46. Bxd3
Rf8 {/\ Rd8 >< d4} 47. Be4 Rd8 48. d5 hxg3 49. Kxg3 g5 $1 50. e6 (50. f5 Re8 $1
51. e6 $8 Kg7 52. Kg4 Kf6 $19 {/\ Rh8,Rh4}) 50... Rh8 51. Kg4 {/\ f5} gxf4 52.
Kxf4 Kg7 53. Ke5 Rh5+ 54. Kd4 Kf6 55. Bc2 Rh3 56. Bd3 Ke7 57. Bf5 Rh4+ 58. Be4
Kd6 {Schwarz hat die optimale Stellung erreicht.} 59. Ke3 Rh2 {/\ Ra2} 60. Bf3
Rb2 61. Bd1 Rb1 62. Bc2 Rh1 63. Be4 Re1+ $1 64. Kf4 (64. Kd4 Re2 $1 65. Bb1 Rb2
$19) (64. Kd3 Ra1 $19) (64. Kf3 Ra1 65. Bc2 Kxd5 66. e7 Re1 $19) 64... Ra1 $19
{Ribli} (64... Ra1 $1 65. Bc2 (65. Kf5 Rxa4 66. Bd3 Rd4 $19) 65... Kxd5 66. e7
Re1 $19) 0-1